|
|
|
|
| LEADER |
00698nam a2200193 i 4500 |
| 001 |
misc57924 |
| 005 |
20210527184239.0 |
| 008 |
210527s1920 hu o 0|| hun d |
| 040 |
|
|
|a SZTE Miscellanea Repozitórium
|b hun
|
| 041 |
|
|
|a hun
|
| 100 |
1 |
|
|a Balassa Armin
|
| 245 |
1 |
0 |
|a Őszi vetés
|h [elektronikus dokumentum] :
|b tizenkét beszéd /
|c Balassa Armin
|
| 260 |
|
|
|a Dugonics Nyomda
|b Szeged, Magyarország
|c 1920
|
| 300 |
|
|
|a 82 p.
|c 24 cm
|
| 650 |
|
4 |
|a Bölcsészettudományok
|
| 650 |
|
4 |
|a Nyelvek és irodalom
|
| 650 |
|
4 |
|a Általános irodalomtudományok
|
| 695 |
|
|
|a Politikai beszéd - Magyarország - 1920-as évek
|
| 856 |
4 |
0 |
|u http://misc.bibl.u-szeged.hu/57924/1/xb_250798.pdf
|z Dokumentum-elérés
|